01018nam a2200265 a 450000100060000000300090000600500170001500800410003203500190007304000260009204100080011808200260012608800110015208800140016324501110017726000700028830000250035850000660038350000240044965000460047371000610051994200120058099900170059295201430060951135BD-RJUL 20211209075620.0160829s1951 nyu i000 0 eng d a(BD-RjUL)51255 aBD-RjULbengcBD-RjUL aeng 223a338.91bMEA 1951  aE/2156 aST/ECA/1300aMeasures for international economic stability /cby a group of experts appointed by the Secretary-General. aNew York :bUnited Nations Department of Economic Affairs,c1951. avii, 48 p. ;c23 cm. a"United Nations publication sales no.1951.II.A.2"--T.p.verso. a"E/2156, ST/ECA/13" 0aInternational economic relations.91529732 aUnited Nations.bDepartment of Economic Affairs.9152974 2ddccBK c51135d51135 00102ddc40708NFICaRUCLbRUCLcStackd1955-12-06eThomas & Thomasg1.70l0o338.91 MEA 1951r2016-08-29 00:00:00tC-2w2016-08-29yBK